| 000 | 00473nam a2200169Ia 4500 | ||
|---|---|---|---|
| 999 |
_c16000 _d16000 |
||
| 003 | OSt | ||
| 005 | 20200606115842.0 | ||
| 008 | 190216s9999||||xx |||||||||||||| ||und|| | ||
| 040 | _cMESKC library | ||
| 082 |
_a954 _bMOH/P |
||
| 100 |
_aMohan, Raghuraj _9230 |
||
| 245 | 0 |
_aParmanu Shakti Bharat / _cRaghuraj Mohan |
|
| 260 |
_bDelhi Pusthak Sadan, _aDelhi: _c1999. |
||
| 300 | _a120p | ||
| 650 | _aHindi | ||
| 942 |
_cBK _2ddc _h954 _iMOH/P _k954 _mMOH/P |
||